000 00855nam a2200265Ia 4500
003 OSt
005 20220927115046.0
006 a|||||r|||| 00| 0
007 ta
008 220926b |||||||| |||| 00| 0 eng d
024 _a97415
037 _cThesis and Dissertations
040 _aRTL
_cRTL
_beng
041 _2eng
_aeng
082 _a"Y15-9(T4,b).2.N8, M6/Th"
100 _aSaxena Sunita
_9390483
245 0 _aMotivation of women lectures in the University of
260 _aDelhi
_bUniversity of Delhi
_c1986
300 _a77p
_ccm.
490 _a"University of Delhi, Commerce (Deptt of-), Dissertation"
500 _aBibliography: p 76-77; Appendix: p 70-75
650 _aWomen Sociology
942 _h"Y15-9(T4,b).2.N8, M6/Th"
_cCC
999 _c705682
_d705682